UBT Library

CLIMATE CHANGE AND THREATENED COMMUNITIES (Record no. 59725)

000 -LEADER
fixed length control field 00336nam a22001457a 4500
008 - FIXED-LENGTH DATA ELEMENTS--GENERAL INFORMATION
fixed length control field 230516b ||||| |||| 00| 0 eng d
020 ## - INTERNATIONAL STANDARD BOOK NUMBER
International Standard Book Number 2901853397355
041 ## - LANGUAGE CODE
Language code of text/sound track or separate title eng
080 ## - UNIVERSAL DECIMAL CLASSIFICATION NUMBER
Universal Decimal Classification number 339
082 ## - DEWEY DECIMAL CLASSIFICATION NUMBER
Classification number 339CAS
100 ## - Rafti
Rafti 23
101 ## - Shkurtesa
Shkurtesa MJEDISI
245 ## - TITLE STATEMENT
Title CLIMATE CHANGE AND THREATENED COMMUNITIES
Statement of responsibility, etc CASTRO.P
942 ## - ADDED ENTRY ELEMENTS (KOHA)
Source of classification or shelving scheme
Item type Books
Holdings
Withdrawn status Lost status Source of classification or shelving scheme Damaged status Not for loan Collection code Permanent location Current location Date acquired Total Checkouts Full call number Barcode Date last seen Price effective from Koha item type
          Koleksioni i përgjithshem UBT - Lipjan UBT - Lipjan 05/16/2023   339CAS 002-800080218 05/16/2023 05/16/2023 Books
          Koleksioni i përgjithshem UBT - Lipjan UBT - Lipjan 05/16/2023   339CAS 002-800080219 05/16/2023 05/16/2023 Books
UBT Library © 2015-2024. All rights reserved University Education for Business and Technology